| 000 | 00702nam a22002057a 4500 | ||
|---|---|---|---|
| 999 |
_c11701 _d11701 |
||
| 003 | AR-CdUCM | ||
| 008 | 190404b ||||| |||| 00| 0 spa d | ||
| 040 |
_aMUNICIPALIDAD PROVINCIAL DEL CUSCO _cBIBLIOTECA MUNICIPAL DEL CUSCO |
||
| 082 |
_23 ed. _a869.2 / _bA73 / 1929 |
||
| 100 |
_aArlt, Roberto _929194 |
||
| 245 |
_aLos siete locos : _bNovela / |
||
| 260 |
_aBuenos Aires : _bClaridad, _c1929. |
||
| 300 |
_a220 páginas ; _c18 cm. |
||
| 505 | _aContenido : La sorpresa -- Estados de conciencia -- El terror en la calle -- Un hombre extraño -- El odio ... | ||
| 650 |
_aNovela _95 |
||
| 650 |
_aLiteratura _983 |
||
| 650 |
_aAregentina _929195 |
||
| 942 |
_2ddc _cLIBROS |
||
| 945 |
_arah _d04/04/2019 |
||